| 000 | 01036cab a2200349 4500 | ||
|---|---|---|---|
| 001 | ABS52467 | ||
| 008 | 090401t1995 xxu||||| |||| 00| 0 eng d | ||
| 035 | _a(Sirsi) u80089 | ||
| 041 | _aeng | ||
| 245 | _aFocus `95: Cambridgeshire and Lincolnshire | ||
| 260 | _c1995 | ||
| 350 | _a0 | ||
| 490 |
_aEstates Gazette _v(9510) 11 March 1995, 77-111(11) |
||
| 650 | _aBUSINESS PARKS | ||
| 650 | _aCAMBRIDGE | ||
| 650 | _aCAMBRIDGESHIRE | ||
| 650 | _aCOMMUNICATIONS | ||
| 650 | _aDISTRIBUTION MARKET | ||
| 650 | _aHUNTINGDON | ||
| 650 |
_aInfrastructure _96246 |
||
| 650 | _aLINCOLN | ||
| 650 | _aLINCOLNSHIRE HEARTLANDS | ||
| 650 | _aLINCOLNSHIRE | ||
| 650 | _aMOTORWAYS | ||
| 650 | _aPROPERTY-COMMERCIAL PROPERTY-OFFICE PROPERTY-OFFICE PROPERTY MARKET | ||
| 650 | _aOUT-OF-TOWN DEVELOPMENT | ||
| 650 | _aPETERBOROUGH | ||
| 650 | _aPROPERTY-COMMERCIAL PROPERTY-RETAIL PROPERTY-RETAIL PROPERTY MARKET | ||
| 690 | _aPROPERTY-COMMERCIAL PROPERTY-COMMERCIAL PROPERTY MARKET | ||
| 942 | _n0 | ||
| 948 | _c04/03/1997 | ||
| 999 |
_c50416 _d50416 |
||